00912 a2200193 4500008004000000020001500040050002600055100003000081245012500111260007300236300002900309440003600338505004400374650005900418650006100477650006300538700003600601710008100637111115t mx||||| |||| 00| 0 spa d a968367726604aHD6629 .P38bP36 20001 aPaniagua Pérez, Jesús1 aLos gremios de plateros y batihojas en la ciudad de Quito, siglo XVIII c/ Jesús Paniagua Pérez, Gloria M. Garzón  aMéxico : bUNAM, Instituto de Investigaciones Estéticas, c2000. a266 p. : bil. ;c23 cm. 0aMonografías de arte ;vv. 26  aIncluye bibliografía : (p. 237-247)  72LEMBaGremiosxPlateroszQuito zEcuador ySiglo XVIII 72LEMBaPlateriaxHistoria zQuito zEcuador ySiglo XVIII 72LEMBaArtesanos xPlateros zQuito zEcuador ySiglo XVIII1 aGarzón Montenegro, Gloria M.  aUniversidad Autonóma de MéxicobInstituto de Investigaciones Estéticas